Statistiken für Gelbtöne

Klicken Sie hier um das Quiz zu spielen!

Allgemein

  • Dieses Quiz wurde 149 mal gespielt
  • Das Durchschnittsergebnis liegt bei 6 aus 30

Antwortstatistiken

HintAntwort% Korrekt
RAL 1037Sonnengelb
73%
RAL 1012Zitronengelb
67%
RAL 1004Goldgelb
40%
RAL 1001Beige
33%
RAL 1024Ockergelb
33%
RAL 1002Sandgelb
27%
RAL 1006Maisgelb
23%
RAL 1005Honiggelb
20%
RAL 1026Leuchtgelb
20%
RAL 1007Narzissengelb
20%
RAL 1021Rapsgelb
20%
RAL 1016Schwefelgelb
20%
RAL 1027Currygelb
13%
RAL 1014Elfenbein
13%
RAL 1028Melonengelb
13%
RAL 1034Pastellgelb
13%
RAL 1017Safrangelb
13%
RAL 1003Signalgelb
13%
RAL 1023Verkehrsgelb
13%
RAL 1032Ginstergelb
10%
RAL 1011Braunbeige
7%
RAL 1033Dahliengelb
7%
RAL 1019Graubeige
7%
RAL 1000Grünbeige
7%
RAL 1015Hellelfenbein
7%
RAL 1020Olivgelb
7%
RAL 1035Perlbeige
7%
RAL 1036Perlgold
7%
RAL 1013Perlweiß
7%
RAL 1018Zinkgelb
7%

Verteilung der Resultate

Perzentil nach korrekt beantworteten Fragen

Anzahl Personen mit jedem Resultat

Ihre Resultats-Entwicklung

Sie haben dieses Quiz noch nicht gespielt